000 00306nam a2200133Ia 4500
100 _aSchildt/ Herbert
942 _cBK
654 _aC:the complete reference
245 _aC++ complete reference
260 _bTata Mc Graw hill
_aBerkley
_c1998
082 _a5.133
_bSCH
546 _aENGLISH
999 _c24523
_d24523